Movies Quiz

Random Movies or Song Quiz

Songs from The Prince of Egypt Quiz Stats

Quiz not verified by Sporcle

Also try: Movies by Mask
Challenge
Share
Tweet
Embed
Score 0/7 Timer 04:00
0 Plays Today
Song % Correct
Deliver Us
95.7%
All I Ever Wanted
88.2%
The Plagues
84.9%
When You Believe
84.9%
Playing with the Big Boys
82.8%
Through Heaven's Eyes
80.6%
Queen's Reprise
29.6%

You're not logged in!

Compare scores with friends on all Sporcle quizzes.
Sign Up with Email
OR
Log In

You Might Also Like...

Show Comments

Extras

Top Quizzes Today


Score Distribution

Your Account Isn't Verified!

In order to create a playlist on Sporcle, you need to verify the email address you used during registration. Go to your Sporcle Settings to finish the process.